00919nam a2200217 a 450000100100000000500170001000800410002704000250006808200190009311000450011224500160015726000360017330000210020950000450023050400740027550501590034961000580050865000420056665000350060865000580064300002766120240307073942.0110404s1976 dr 000 0 spa d aDO-SdBNPbspacBNPHU a378.7293bI59d2 aInstituto Tecnológico de Santo Domingo10aDocumentos. aSanto Domingo :bINTEC,c1976-. a191 p. ;c22 cm. aLa biblioteca posee v.1, v.2, v.3 y v.10 aIncluye referencias bibliográficas y notas al pie de las páginas.0 gv. 1.t1976 --gv. 2.t1977gv. 3.t1978 --gv. 4.t1979 --gv. 5.t1980 --gv. 6.t1981 --gv. 7.t1982 --gv. 8.t1983 --gv. 9.t1984 --gv. 10.t1989. 0aINSTITUTO TECNOLÓGICO DE SANTO DOMINGOvREGLAMENTOS 4aUniversidadeszRepública Dominicana 4aAdministración universitaria 4aPlanificación universitariazRepública Dominicana